<?xml version="1.0" encoding="UTF-8"?>
<marc:record xmlns:marc="http://www.loc.gov/MARC21/slim">
   <marc:leader>00000nam a2200000 a 4500</marc:leader>
   <marc:datafield ind1="1" ind2=" " tag="100">
      <marc:subfield code="a">Markus, Georg</marc:subfield>
      <marc:subfield code="4">aut</marc:subfield>
      <marc:subfield code="e">Verfasser/-in</marc:subfield>
   </marc:datafield>
   <marc:datafield ind1=" " ind2=" " tag="653">
      <marc:subfield code="a">Lebensgeschichte</marc:subfield>
   </marc:datafield>
   <marc:datafield ind1=" " ind2=" " tag="653">
      <marc:subfield code="a">Lebensbeschreibung</marc:subfield>
   </marc:datafield>
   <marc:datafield ind1=" " ind2=" " tag="653">
      <marc:subfield code="a">Kunst</marc:subfield>
   </marc:datafield>
   <marc:datafield ind1=" " ind2=" " tag="653">
      <marc:subfield code="a">Österreich</marc:subfield>
   </marc:datafield>
   <marc:datafield ind1=" " ind2=" " tag="653">
      <marc:subfield code="a">Biografie</marc:subfield>
   </marc:datafield>
   <marc:datafield ind1=" " ind2=" " tag="653">
      <marc:subfield code="a">Anekdote</marc:subfield>
   </marc:datafield>
   <marc:datafield ind1="0" ind2="0" tag="245">
      <marc:subfield code="a">Unter uns gesagt</marc:subfield>
   </marc:datafield>
   <marc:datafield ind1="0" ind2="0" tag="245">
      <marc:subfield code="b">Begegnungen mit Zeitzeugen</marc:subfield>
   </marc:datafield>
   <marc:datafield ind1=" " ind2="1" tag="264">
      <marc:subfield code="b">Amalthea</marc:subfield>
      <marc:subfield code="c">2008</marc:subfield>
   </marc:datafield>
   <marc:datafield ind1="1" ind2=" " tag="520">
      <marc:subfield code="a">Seit mehr als 30 Jahren einer der führenden Chronisten des Landes, schildert Georg Markus in diesem Buch zum ersten Mal seine ebenso interessanten wie amüsanten Begegnungen mit Zeitzeugen wie Bruno Kreisky, Josef Holaubek, Friedrich Torberg und Helmut Qualtinger. Er traf die direkten Nachfahren von Schnitzler, Freud und Klimt, die ihm sehr Persönliches von ihren berühmten Ahnen erzählten.
Der Autor fand die österreichischen Wurzeln von Fred Astaire, der eigentlich Austerlitz hieß. Von Hans Mosers Tochter erfuhr Georg Markus Details über dessen Familien- undErbschaftsstreit, den er in seiner ganzen Tragik schildert. Diese Begegnungen eröffnen dem Leser einen tiefen Einblick in die Seele bedeutender Österreicher. Es gelang ihm, von der Familie Sacher das streng geheim gehaltene Rezept der Sachertorte zu bekommen. Und als er im Gespräch mit einem Urenkel Kaiser Franz Josephs misstrauisch wurde, ließ er einen DNA-Test anfertigen, der ein erstaunliches Ergebnis brachte ... 
</marc:subfield>
   </marc:datafield>
   <marc:datafield ind1=" " ind2=" " tag="020">
      <marc:subfield code="a">9783850026482</marc:subfield>
      <marc:subfield code="9">9783850026482</marc:subfield>
   </marc:datafield>
</marc:record>
